| 000 | 00656nam a2200205 i 4500 | ||
|---|---|---|---|
| 001 | 35464 | ||
| 003 | ES-MaACL | ||
| 005 | 20230906155131.0 | ||
| 007 | t| | ||
| 008 | 030213s1923 fr ||||1| fre d | ||
| 100 | 0 |
_aBouasse, H. _930820 |
|
| 245 | 1 | 0 |
_aInterférences / _cpar Henri Pierre Maxime Bouasse, Z. Carrière. |
| 260 |
_aParis : _bDelagrave, _c1923. |
||
| 300 |
_aXXXI, 462 p. : _bil. ; _c25 cm. |
||
| 490 | 1 | _aBibliothèque scientifique de l'ingenieur et du physicien | |
| 700 | 1 |
_aCarrière, Z. _935745 |
|
| 830 | 0 |
_aBibliothèque scientifique de l'ingenieur et du physicien _9181575 |
|
| 852 |
_aES-MaACL _jB-4379 |
||
| 999 |
_c35464 _d35464 |
||